00522aab a2200169a 44500008003900000041000800039080001000047110007300057245004200130245007400172260000900246300001100255520000800266650002800274773002300302773002700325940211s1990 cat acat a631.3 aCatalunya. Generalitat. Departament d'Agricultura, Ramaderia i Pesca aVocabulari de maquinària agrícola cCatalunya. Generalitat. Departament d'Agricultura, Ramaderia i Pesca. c1990 ap. 1-2 a135 amaquinària agrícola g(<1990>), núm 14 tQüestions de llengua